Droit civil.
Պահպանված է:
| Հիմնական հեղինակ: | |
|---|---|
| Ձևաչափ: | Գիրք |
| Լեզու: | անգլերեն |
| Հրապարակվել է: |
Paris, France:
Dalloz,
1965-1967.
|
| Հրատարակություն: | Quatrième édition (Tome I-II); |
| Շարք: | Précis Dalloz.
|
| Խորագրեր: | |
| Ցուցիչներ: |
Ավելացրեք ցուցիչ
Չկան պիտակներ, Եղեք առաջինը, ով նշում է այս գրառումը!
|
MARC
| LEADER | 00000nam a22000007a 4500 | ||
|---|---|---|---|
| 003 | CL-VaPUC | ||
| 005 | 20231103150820.0 | ||
| 008 | 231020k19651966 ||||| |||| 00| 0 eng d | ||
| 999 | |c 442152 |d 442150 | ||
| 040 | |c Pontificia Universidad Católica de Valparaíso | ||
| 082 | 0 | 4 | |2 22 |a 346.44 JUL 1966 (t.I) |
| 082 | 0 | 4 | |a 346.44 JUL 1966 (t.II) |
| 082 | 0 | 4 | |2 22 |a 346.44 JUL 1967 (t.III) |
| 082 | 0 | 4 | |a 346.44 JUL 1966 (t.IV) |
| 100 | 1 | |a Julliot de la Morandiere, Léon |9 395567 |e auteur | |
| 245 | 1 | 0 | |a Droit civil. |
| 250 | |a Quatrième édition (Tome I-II); | ||
| 250 | |a Troisième édition (Tomo III); | ||
| 250 | |a Deuxième édition (Tome IV) | ||
| 260 | |a Paris, France: |b Dalloz, |c 1965-1967. | ||
| 300 | |a 4 tomos. | ||
| 490 | 0 | |a Précis Dalloz. | |
| 500 | |a c.1 Tomo I,II,IV: Donación Jorge López Santa María. Memo 039. 2023. c.1 Tomo III: Donación del Profesor Jorge López Santa María. MEMO N° 040. 20/10/2023. | ||
| 583 | |c 20231020 |k Catalogador Asistente | ||
| 650 | 1 | |a Derecho civil francés |9 395571 | |
| 942 | |2 ddc |c BK | ||
| 952 | |0 0 |1 0 |2 ddc |4 0 |6 346_440000000000000_JUL_1966 |7 0 |8 A |9 592078 |a BIBDER |b BIBDER |d 2023-10-20 |e Donación |h t.I |i 5659108 |o 346.44 JUL 1966 |p 5659108 |r 2023-10-20 |t 1 |w 2023-10-20 |y BK |k DER | ||
| 952 | |0 0 |1 0 |2 ddc |4 0 |6 346_440000000000000_JUL_1966 |7 0 |8 A |9 592079 |a BIBDER |b BIBDER |d 2023-10-20 |e Donación |h t.IV |i 5659109 |o 346.44 JUL 1966 |p 5659109 |r 2023-10-20 |t 1 |w 2023-10-20 |y BK |k DER | ||
| 952 | |0 0 |1 0 |2 ddc |4 0 |6 346_440000000000000_JUL_1966 |7 0 |8 A |9 592080 |a BIBDER |b BIBDER |d 2023-10-20 |e Donación |h t.II |i 5659140 |o 346.44 JUL 1966 |p 5659140 |r 2023-10-20 |t 1 |w 2023-10-20 |y BK |k DER | ||
| 952 | |0 0 |1 0 |2 ddc |4 0 |6 346_440000000000000_JUL_1967 |7 0 |8 A |9 592271 |a BIBDER |b BIBDER |c GEN |d 2023-11-03 |e Donación |h t.III |i 5659240 |o 346.44 JUL 1967 |p 5659240 |r 2023-11-03 |t 1 |w 2023-11-03 |y BK |k DER | ||